[Event "GER-chT Federal Cup (Women)"]
[Site "Braunfels"]
[Date "2019.06.22"]
[Round "4.31"]
[White "Neumann, Tina"]
[Black "Doll, Rebecca"]
[Result "1-0"]
[WhiteElo "1525"]
[BlackElo "1678"]
[PlyCount "65"]
[EventDate "2019.06.20"]
[EventType "team-swiss"]
[EventRounds "5"]
[EventCountry "GER"]
[SourceTitle "CBM 191 Extra"]
[Source "ChessBase"]
[SourceDate "2019.09.30"]
[SourceVersion "1"]
[SourceVersionDate "2019.09.30"]
[SourceQuality "1"]

1. e4 e5 2. d4 exd4 3. c3 dxc3 4. Bc4 Nf6 5. Nxc3 Nc6 6. Nf3 Bb4 7. e5 Bxc3+ 8. bxc3 Qe7 9. 0-0 Ng4 10. a4 Ngxe5 11. Nxe5 Nxe5 12. Re1 0-0 13. Ba3 d6 14. f4 Qh4 15. g3 Qg4 16. Be2 Qf5 17. fxe5 Qxe5 18. Qd2 Qa5 19. Qd4 f5 20. Bc4+ Kh8 21. Re7 Qb6 22. Rae1 h6 23. Kg2 Qxd4 24. cxd4 c6 25. Bxd6 b6 26. Be5 b5 27. Bxg7+ Kh7 28. Bxf8+ Kg6 29. axb5 cxb5 30. Bxb5 a5 31. Be8+ Kg5 32. h4+ Kg4 33. Rg7# 1-0

[Event "GER-chT Federal Cup (Women)"]
[Site "Braunfels"]
[Date "2019.06.20"]
[Round "1.7"]
[White "Neumann, Tina"]
[Black "Valkova, Anzhelika"]
[Result "0-1"]
[WhiteElo "1525"]
[BlackElo "1944"]
[PlyCount "44"]
[EventDate "2019.06.20"]
[EventType "team-swiss"]
[EventRounds "5"]
[EventCountry "GER"]
[SourceTitle "CBM 191 Extra"]
[Source "ChessBase"]
[SourceDate "2019.09.30"]
[SourceVersion "1"]
[SourceVersionDate "2019.09.30"]
[SourceQuality "1"]

1. e4 e6 2. Nf3 d5 3. Nc3 Nf6 4. e5 Nfd7 5. d4 c5 6. Be3 Nc6 7. Be2 a6 8. 0-0 Qc7 9. Bf4 cxd4 10. Nxd4 Ncxe5 11. Kh1 Bb4 12. Nb1 0-0 13. c3 Bd6 14. Nd2 Rb8 15. a4 Nc4 16. Bxd6 Nxd6 17. Rc1 b5 18. axb5 axb5 19. b3 Ba6 20. Re1 Qb6 21. Kg1 Rfc8 22. Nb1 Ne4 0-1

[Event "Regionalliga SO 1718 (Women)"]
[Site "Germany"]
[Date "2017.11.19"]
[Round "2.3"]
[White "Neumann, Tina"]
[Black "Grund, Melanie"]
[Result "0-1"]
[WhiteElo "1487"]
[BlackElo "1846"]
[PlyCount "44"]
[EventDate "2017.10.15"]
[EventType "team-tourn"]
[EventRounds "5"]
[EventCountry "GER"]
[SourceTitle "CBM 183 Extra"]
[Source "ChessBase"]
[SourceDate "2018.04.19"]
[SourceVersion "1"]
[SourceVersionDate "2018.04.19"]
[SourceQuality "1"]
[WhiteTeam "Meuselwitz (W)"]
[BlackTeam "Saalfeld (W)"]
[WhiteTeamCountry "GER"]
[BlackTeamCountry "GER"]

1. e4 c5 2. c3 Nc6 3. Nf3 g6 4. d4 cxd4 5. cxd4 Bg7 6. Be3 d5 7. exd5 Qxd5 8. Nc3 Qd8 9. Be2 Nf6 10. 0-0 e6 11. Qd2 0-0 12. Rfd1 Ne7 13. Bc4 Ned5 14. Rac1 b6 15. Bd3 Bb7 16. Ne5 Nxc3 17. bxc3 Nd5 18. c4 Nxe3 19. Qxe3 Qh4 20. Nf3 Bxf3 21. Qxf3 Bxd4 22. Be4 Rad8 0-1

[Event "GER-chT U18 Girls"]
[Site "Karlsruhe"]
[Date "2015.05.10"]
[Round "7.1"]
[White "Neumann, Tina"]
[Black "Becker, Nina"]
[Result "1/2-1/2"]
[WhiteElo "1284"]
[BlackElo "1102"]
[PlyCount "48"]
[EventDate "2015.05.07"]
[EventType "team-swiss"]
[EventRounds "7"]
[EventCountry "GER"]
[SourceTitle "EXT 2017"]
[Source "ChessBase"]
[SourceDate "2016.10.25"]
[SourceVersion "1"]
[SourceVersionDate "2016.10.25"]
[SourceQuality "1"]
[WhiteTeam "Meuselwitz (W)"]
[BlackTeam "Voelklingen Warndt (W)"]
[WhiteTeamCountry "GER"]
[BlackTeamCountry "GER"]

1. e4 e5 2. Nf3 Nc6 3. d4 exd4 4. c3 dxc3 5. Bc4 Bc5 6. Nxc3 d6 7. h3 h6 8. 0-0 Be6 9. Bxe6 fxe6 10. Qb3 Qd7 11. Qxb7 Rb8 12. Qa6 Nge7 13. Qe2 0-0 14. a3 Nd4 15. Nxd4 Bxd4 16. Qd3 Nc6 17. b4 a6 18. Rb1 Rf6 19. Be3 Be5 20. f4 Bxc3 21. Qxc3 d5 22. Rbc1 d4 23. Qxc6 Qxc6 24. Rxc6 dxe3 1/2-1/2